| 000 | 00950nam a22002655i 4500 | ||
|---|---|---|---|
| 001 | 151641 | ||
| 003 | ES-MaACL | ||
| 005 | 20230906204316.0 | ||
| 008 | 980824m18529999dk |||| | eng d | ||
| 040 |
_aCCPB | B _bspa _cCCPB | B |
||
| 080 | _a295.48 | ||
| 080 | _a295:291.8 | ||
| 130 | 0 |
_aAvesta. _9135258 |
|
| 245 | 1 | 0 |
_aZendavesta or the religious books of the Zoroastrians. _nVol. I, _pThe Zend texts / _cEdited and translated with a dictionary, Grammar &c. by N. L. Westergaard. |
| 260 |
_aCopenhagen : _bBerling brothers : Gyldendal, _c1852-54. |
||
| 300 |
_a1 v. (486 p.) ; _c28 cm. |
||
| 594 | _aTexto en avestico precedido de una introducción en inglés. | ||
| 596 | _aEn portada figuran 2 fechas : 1852-54. | ||
| 650 | 4 |
_aZoroastrismo. _9147503 |
|
| 650 | 1 | 4 |
_aZaratustra. _9221698 |
| 700 | 1 |
_aWestergaard, Niels Ludvig. _9147502 |
|
| 852 |
_aES-MaACL _jG-11633 _z-- Enc. hol. |
||
| 999 |
_c151641 _d151641 |
||